000 01334nam a2200433 i 4500
001 16777
003 KOSZ 005
005 20200519142957.0
008 080428s1963 pl a f f |000 0 pol
015 _aPB 1963/4282
035 _a(PL-WaBN)b21184550-48omnis_nlop
035 _ab21184550
035 _a(OCoLC)749536536
035 _a(PL)b0000021184550
040 _aWA N
_cWA N
_dKOSZ 005/HR
046 _k1957
080 _a624.011.1
080 _a694
080 _a(07)
100 1 _aKozak, Roman
_d(1907-1970).
_eAutor
245 1 0 _aKonstrukcje drewniane /
_cRoman Kozak.
250 _aWydanie 2. przerobione.
260 _aPoznań :
_bPaństwowe Wydawnictwo Naukowe,
_c1963.
300 _a341, [1] s., [5] k. tabl. :
_bil. ;
_c23 cm.
336 _2rdacontent
_aTekst
_btxt
337 _2rdamedia
_aBez urządzenia pośredniczącego
_bn
338 _2rdacarrier
_aWolumin
_bnc
380 _aKsiążki
380 _aPublikacje dydaktyczne
388 _a1901-2000
504 _aBibliogr.
658 _aArchitektura i budownictwo
655 7 _aPodręcznik
_2DBN
650 7 _aKonstrukcje drewniane
_2DBN
650 7 _aCiesielstwo
856 _uhttp://koha.tu.koszalin.pl/cgi-bin/koha/opac-detail.pl?biblionumber=16777
_yKatalog online BPK
942 _2UKD
_cKS
999 _c16777
_d16777